ՀՀ Գիտությունների ազգային ակադեմիայի հիմնարար գիտական գրադարան  =   Fundamental Scientific Library of NAS RA

Тезисы докладов научно-практической конференции Всесоюзного научного общества дермато-венерологов совместно с Научным советом по дерматологии и венерологии АМН СССР (28-29 сентября 1977 г., Суздаль) / (Record no. 257120)

MARC details
000 -LEADER
fixed length control field 01489nam a2200229 a 4500
001 - CONTROL NUMBER
control field 000693455
003 - CONTROL NUMBER IDENTIFIER
control field AM-YeHGA
005 - DATE AND TIME OF LATEST TRANSACTION
control field 20250617142413.0
008 - FIXED-LENGTH DATA ELEMENTS--GENERAL INFORMATION
fixed length control field 091028s1977 ru |||||r|||||000|0|rus|d
040 ## - CATALOGING SOURCE
Original cataloging agency AM-YeHGA
041 0# - LANGUAGE CODE
Language code of text/sound track or separate title rus
090 ## - LOCALLY ASSIGNED LC-TYPE CALL NUMBER (OCLC); LOCAL CALL NUMBER (RLIN)
-- 258725
111 1# - MAIN ENTRY--MEETING NAME
Meeting name or jurisdiction name as entry element Всесоюзное научное общество дермато-венерологов. Научно-практическая конференция
Date of meeting or treaty signing (1977 ;
Location of meeting Суздаль)
245 10 - TITLE STATEMENT
Title Тезисы докладов научно-практической конференции Всесоюзного научного общества дермато-венерологов совместно с Научным советом по дерматологии и венерологии АМН СССР (28-29 сентября 1977 г., Суздаль) /
Statement of responsibility, etc. Отв. ред. А.А. Антоньев ; Центральный научно-исследовательский кожно-венерологический институт МЗ СССР.
260 ## - PUBLICATION, DISTRIBUTION, ETC.
Place of publication, distribution, etc. Владимир :
Name of publisher, distributor, etc. [Б. и.],
Date of publication, distribution, etc. 1977.
300 ## - PHYSICAL DESCRIPTION
Extent 110 с. ;
Dimensions 21 см.
650 14 - SUBJECT ADDED ENTRY--TOPICAL TERM
Topical term or geographic name entry element Конференции
650 14 - SUBJECT ADDED ENTRY--TOPICAL TERM
Topical term or geographic name entry element Дерматология
650 14 - SUBJECT ADDED ENTRY--TOPICAL TERM
Topical term or geographic name entry element Научные исследования
700 1# - ADDED ENTRY--PERSONAL NAME
Personal name Антоньев, Анатолий Анатольевич
Relator term ред.
Relationship edt
710 2# - ADDED ENTRY--CORPORATE NAME
Corporate name or jurisdiction name as entry element Центральный научно-исследовательский кожно-венерологический институт МЗ СССР
Holdings
Withdrawn status Lost status Damaged status Not for loan Collection Home library Current library Date acquired Total checkouts Full call number Barcode Date last seen Price effective from Koha item type Public note
        General Fundamental Scientific Library Fundamental Scientific Library 29/12/2016   PII/411389 FL0424660 29/12/2016 29/12/2016 Գրքեր / Books 30 Days Loan


ՀՀ ԳԱԱ հիմնարար գիտական գրադարան
ՀՀ,Երևան 0019
Մարշալ Բաղրամյան 24/6
հեռախոս:(374-10) 52-47-50
Հետադարձ կապ

All site content, except where otherwise noted, is licensed under a
Creative Commons License